| 000 | 01741cam a2200445 4500 | ||
|---|---|---|---|
| 001 | J3267 | ||
| 008 | 090401t1995 xxu||||| |||| 00| 0 eng d | ||
| 035 | _a(Sirsi) u53990 | ||
| 041 | _aeng | ||
| 050 | _a346.41043 | ||
| 110 |
_aGeneral Council of the Bar _9691 |
||
| 245 | 4 | _aThe Blundell Memorial Lectures (1995) ... current problems in property law ... | |
| 260 |
_aLondon _bRICS Conferences & Training _c1995 |
||
| 300 | _a136p. ; 30cm. | ||
| 350 | _a0 | ||
| 490 | _aBlundell Lectures | ||
| 520 | _aPapers:- Damages for negligent valuation: the implications of BBL./ MORGAN, PAUL & DALE, GEOFFREY - Responsible lending: lenders` liability for undue influence and contributory negligence./ BERRY, SIMON & O`NEILL, TERRY - Alienation after the Landlord and Tenant Act 1988: a new age of consent./ ROMNEY, CHARLES & LOCKE, DUNCAN - Tenant`s break clauses: when and how to use them./ LEWISON, KIM & GYNGELL, TORQUIL. | ||
| 650 | _aALIENATION | ||
| 650 | _aASSIGNMENT | ||
| 650 | _aBANK BRUXELLES LAMBERT V EAGLE STAR INSURANCE CO LTD | ||
| 650 | _aBARCLAYS BANK V OBRIEN | ||
| 650 | _aBLUNDELL MEMORIAL LECTURES | ||
| 650 | _aBREAK CLAUSES | ||
| 650 | _aCONTRIBUTORY NEGLIGENCE | ||
| 650 | _aLANDLORD AND TENANT ACT 1988 | ||
| 650 | _aLENDERS LIABILITY | ||
| 650 | _aNEGLIGENT VALUATIONS | ||
| 650 | _aOBRIEN CASE | ||
| 650 | _aPROFESSIONAL LIABILITY | ||
| 650 | _aPROPERTY LAW | ||
| 650 | _aSECURED LOANS | ||
| 650 | _aSUB-LETTING | ||
| 650 | _aTENANTS BREAK CLAUSES | ||
| 650 | _aUNDUE INFLUENCE | ||
| 690 | _aPROPERTY LAW AND PRACTICE | ||
| 710 |
_aLaw Society of England and Wales _91639 |
||
| 710 |
_aRoyal Institution of Chartered Surveyors _94900 |
||
| 942 |
_n0 _2ddc |
||
| 948 | _c04/03/1997 | ||
| 999 |
_c93383 _d93383 |
||